000 00999nas a2200325 4500
001 BR2016004431
003 BR-BrBNA
005 20231205130746.0
007 ta
008 230509b bl.|||p| |||| 00| 00por d
040 _aBR-BrBNA
_bpor
_cBiblioteca Nacional de Agricultura
041 _a(En)
072 _aF30; H20
100 1 _aOliveira, E.J. de
100 1 _aAud, F.F.
100 1 _aMorales, C.f.G.
100 1 _aOliveira, S.A.S. de
100 1 _aSantos, V. da S.
245 1 _aNon-hierarchical clustering of Manihot esculenta Crantz germplasm based on quantitative fraits
650 _aMANDIOCA
650 _aMANIHOT ESCULENTA
650 _aBACTERIOSE
650 _aGERMOPLASMA
650 _aCARACTERÍSTICAS AGRONÔMICAS
650 _aANÁLISE QUANTITATIVA
650 _aVARIEDADE RESISTENTE
773 0 _tRevista Ciência Agronômica (Brazil)
_xISSN 0045-6888
_g, v. 47(3) p. 548-555
_wBR2016004431
909 _a202311
_bLúcia
_c55
_dLúcia Elande
942 _2AGRIS
_n0
_cANA
999 _c251061
_d251061